|
|
|
|
| LEADER |
00764nab a2200205 i 4500 |
| 001 |
acta2530 |
| 005 |
20260123091419.0 |
| 008 |
161015s1980 hu o 000 hun d |
| 022 |
|
|
|a 0231-2670
|
| 040 |
|
|
|a SZTE Egyetemi Kiadványok Repozitórium
|b hun
|
| 041 |
|
|
|a hun
|
| 100 |
2 |
|
|a Héderné Kozák Róza
|
| 245 |
1 |
0 |
|a Előtanulmány a szocialista politikai tudat jellegének értelmezéséhez
|h [elektronikus dokumentum] /
|c Héderné Kozák Róza
|
| 260 |
|
|
|c 1980
|
| 300 |
|
|
|a 21-30
|
| 490 |
0 |
|
|a Acta Universitatis Szegediensis : sectio philosophica
|v 24
|
| 650 |
|
4 |
|a Bölcsészettudományok
|
| 650 |
|
4 |
|a Filozófia, etika és vallástudományok
|
| 695 |
|
|
|a Filozófia
|
| 856 |
4 |
0 |
|u http://acta.bibl.u-szeged.hu/2530/1/philosophica_024_021-030.pdf
|z Dokumentum-elérés
|